00711nam a2200241 a 4500001001300000003000900013005001700022008004100039020001000080082001600090100001600106245007200122260003300194300000900227500003500236505001300271650002300284700001600307902000800323942000700331952011600338999001500454nice12345678IN_TiNIC20260116011904.0050524s0000 mada grp 000 0 eng  ac10000a297.1bSEL4 aSell, Canon aAdditional Notes and Paragraphs for Fifth Edition of Faith of Islam aMadrasbDioceson Pressc0000 a25p. aincludes index and biblioraphy2 aAppendix aIslam-Meccan Trade1 aSell, Canon bRBA cBK 001040708RareBook->aHMIbHMId2007-07-27g100.00l0o297.1 SEL4p05858r2007-07-27v100.00w2005-05-24yBK c4725d4725